Napájací zdroj s veľmi nízkym únikovým prúdom a veľmi nízkym šumom

Na minha lista:
Detalhes bibliográficos
Autor principal: Štovčík, Viktor (Author)
Outros Autores: Valúch, Daniel (Thesis advisor)
Formato: Manuscrito Livro
Idioma:eslovaco
Publicado em: Bratislava : STU v Bratislave FEI, 2025
Assuntos:
Acesso em linha:https://opac.crzp.sk/?fn=detailBiblioFormChildS1A5VO&sid=226A7A544DA3649F68583EE9F6D0&seo=CRZP-detail-kniha
Tags: Adicionar Tag
Sem tags, seja o primeiro a adicionar uma tag!

MARC

LEADER 00000ntm a22000003a 4500
001 stuzp99122
003 SK-STU
005 20260323143201.1
007 ta
008 150427s2015----xo-----f-mn---000-0-slo-d
040 |a STU  |b slo 
041 0 |a slo 
044 |a xo 
100 1 |a Štovčík, Viktor  |u 034000  |4 aut  |U FEI Fakulta elektrotechniky a informatiky  |T FEI Ústav elektrotechniky  |X 111058  |U E040  |Y 550  |7 111058 
242 0 1 |a Low leakage, low noise DC power supply  |y eng 
245 1 0 |a Napájací zdroj s veľmi nízkym únikovým prúdom a veľmi nízkym šumom 
260 |a Bratislava :  |b STU v Bratislave FEI,  |c 2025 
300 |a 117 s. 
650 4 |a low leakage current  |2 eng 
650 4 |a low noise  |2 eng 
650 4 |a DC power supply  |2 eng 
650 4 |a nízky šum  |2 slo 
650 4 |a jednosmerný zdroj  |2 slo 
650 4 |a nízky únikový prúd  |2 slo 
700 1 |a Valúch, Daniel  |u 034000  |k Z8  |4 ths  |U FEI Fakulta elektrotechniky a informatiky  |T FEI Ústav elektrotechniky  |X 71187  |U E040  |Y 550  |7 71187 
856 4 |u https://opac.crzp.sk/?fn=detailBiblioFormChildS1A5VO&sid=226A7A544DA3649F68583EE9F6D0&seo=CRZP-detail-kniha